Ciudades sin Plaza de Toros - ¡Muerte Súbita! - Estadísticas

Estadísticas generales
  • Esta prueba ha sido intentada 203 veces
    202 desde el último reinicio
  • La puntuación promedio es 2 de 14
Answers on the Grid
Answers color-coded by a green-red scale on the quiz's grid according to % correct below.
Alcalá de Henares
Argel (Argelia)
Ayamonte
Barcelona
Benidorm
Béziers (Francia)
Cádiz
Calatañazor
Cantillana
Don Benito
Granollers
Irún
La Coruña
La Puebla del Río
Las Palmas de Gran Canaria
Lepe
Lima (Perú)
Luanda (Angola)
Madrid
Málaga
Manila (Filipinas)
Mérida (México)
Miami (EEUU)
Montillana
Onda
Oporto (Portugal)
Orán (Argelia)
Tánger (Marruecos)
Toulouse (Francia)
Trujillo
Tuy
Vigo
 
Estadísticas de respuestas
Respuesta % Correcto
Argel (Argelia)
46%
Vigo
30%
Miami (EEUU)
29%
Cádiz
23%
Tuy
21%
Granollers
16%
Oporto (Portugal)
14%
La Coruña
13%
Manila (Filipinas)
11%
Calatañazor
10%
Lepe
10%
Toulouse (Francia)
8%
La Puebla del Río
6%
Montillana
3%
No se encontraron pruebas coincidentes
Distribución de puntuación
Porcentaje de gente con cada puntuación
Porcentaje por número respondido
Historial de tus puntuaciones
No has intentado esta prueba desde el último reinicio